000 00565nam a2200181Ia 4500
005 20250508161752.0
008 008 250505s9999 xx 000 0 eng d
037 _aTextual
040 _aFEDL
_beng
_cFEDL
041 _aeng
_2eng
084 _a421, JEN
_qFEDL
100 _aJenkinson Edward B
245 0 _aWriting as a process of discovery : Some structured theme assignments for grades five through twelve
260 _aBloomington
_bIndiana University Press
_c1970
300 _a165p.
942 _cTEXL
_h421, JEN
999 _c1372072
_d1372072